| 000 | 00609nam a2200229Ia 4500 | ||
|---|---|---|---|
| 008 | 160819s9999 xx 000 0 und d | ||
| 020 | _a981-232-546-8 | ||
| 050 | _aCUL TX 724.5 | ||
| 050 | _b.N67 2003 | ||
| 100 | _aNordin, Norzailina. | ||
| 245 | _aSweet and savoury Malay Kuih / | ||
| 245 | _cNorzailina, Nordin. | ||
| 260 | _aSingapore : | ||
| 260 | _bTimes Media Private Ltd., | ||
| 260 | _c2003 | ||
| 300 | _a78 pages : | ||
| 300 | _bcolor illustrations ; | ||
| 300 | _c24 cm. | ||
| 440 | _aCelebrity chefs' cookbooks | ||
| 650 | _aCookery, Malaysia. | ||
| 650 | _xDesserts -- Malaysia. | ||
| 999 |
_c300708 _d300708 |
||